000
00218 a2200097 4500
001
5988
100
_a
Korn, G A
245
_a
Electronic analog and hybrid computers
260
_a
_b
McGraw-Hill
_c
090
_c
4893
_d
4893
942
_a
NUST-CAE
_c
M
_c
31259
999
_c
241061
_d
241061